Investigación sobre mediación en casos de familias atravesadas por situaciones de violencia /
Guardado en:
| Autor Principal: | |
|---|---|
| Otros Autores: | , , , , , |
| Formato: | Libro |
| Idioma: | Spanish |
| Publicado: |
Ciudad Autónoma de Buenos Aires :
Editorial Jusbaires,
2016.
|
| Materias: | |
| Etiquetas: |
Agregar Etiqueta
Sin Etiquetas, Sea el primero en etiquetar este registro!
|
| LEADER | 00798nam a22002295a 4500 | ||
|---|---|---|---|
| 001 | DER.der014025 | ||
| 008 | 190910s2016####ag############000#0#spa#d | ||
| 005 | 20240823131200.0 | ||
| 245 | 1 | ^ | |a Investigación sobre mediación en casos de familias atravesadas por situaciones de violencia / |c Nélida Reggiardo, Stella Maris Margetic. |
| 260 | a | ^ | |a Ciudad Autónoma de Buenos Aires : |b Editorial Jusbaires, |c 2016. |
| 300 | |a 138 p. | ||
| 020 | |a 9789874057266 | ||
| 100 | 1 | ^ | |a Reggiardo, Nélida. |
| 700 | 1 | ^ | |a Margetic, Stella Maris. |
| 700 | 1 | ^ | |a Russo, Silvina. |
| 700 | 1 | |a Mazzeo, Patricia. | |
| 700 | 1 | |a de la Fé, Alicia. | |
| 700 | 1 | |a Quiroga, Valeria. | |
| 700 | 1 | |a Sánchez, Alejandra. | |
| 650 | 7 | |a VIOLENCIA FAMILIA | |
| 650 | 7 | |a MEDIACION | |
| 859 | |a DERECHO |b BIB. DERECHO |h 347.09 |i INV |k 1.10 |p 009244 |t 1 | ||
